01562nab a22002537a 4500999001500000003000400015005001700019008004100036040000700077100002600084245019600110260007200306300001300378500003500391505034200426505018600768505008900954650002301043650005101066650002201117650003001139773012601169942001301295 c5499d5499OSt20251209142324.0190502c xxu||||| |||| 00| 0 spa d cPJ 96492aBarbieri, Pía10aAnálisis de los tipos penales de exacciones ilegales, concusión y extorsión en la conducta del funcionario público. Reflexiones a partir del fallo "Tapia Núñez" /cPía Barbieri. aCiudad Autónoma de Buenos Aires :bThomson Reuters La Ley,c2025. ap. 43-52 aCita Online: AR/DOC/1531/2025. aSumario: I. Introducción.— II. Los hechos del caso.— III. Los tipos penales en juego: exacciones ilegales, concusión y extorsión en la conducta del funcionario público.— IV. Diferentes posturas doctrinarias.— V. Solución del caso concreto dada por el Tribunal y confirmada por la Casación.— VI. Reflexiones finales. tFallo comentado: CNCasCrim. y Correc., sala III ~ 17/12/2024 ~ Alvarado Ruiz, Simón Jesús y otros c. Morano, Diego y otros s/ averiguación de delito y asociación ilícita. t¿Te interesa el texto completo? Solicitalo al correo: koha@justierradelfuego.gov.ar 09343aDERECHO PENAL 096493aCORRUPCIÓN DE UN FUNCIONARIO PÚBLICO 093034aEXTORSIÓN 095941aEXACCIONES ILEGALES0 0272993180dBuenos Aires : LexisNexis, 2006-tRevista de derecho penal y procesal penal. Nº 8 - Agosto 2025z9875920622 2udccANA